Mineral-petrochemical and geochemical features of ultrametamorphic process of the focus-dome type; Bulletin of the Tomsk Polytechnic University; Vol. 310, № 2

Dettagli Bibliografici
Parent link:Bulletin of the Tomsk Polytechnic University/ Tomsk Polytechnic University (TPU).— , 2006-2007
Vol. 310, № 2.— 2007.— [P. 6-11]
Autore principale: Kucherenko I. V. Igor Vasilyevich
Riassunto:Заглавие с титульного листа
Электронная версия печатной публикации
Distribution of petrogeneous and oregeneous (Au, Ag, Hg) chemical elements in metamorphic zones of the Kedrovskiy focus-dome construction in Northern Transbaikalia is shown and discussed. The conclusion is drawn about absence of substance essential migration during local focus-dome ultrametamorphism.
Lingua:inglese
Pubblicazione: 2007
Serie:Earth science
Soggetti:
Accesso online:http://www.lib.tpu.ru/fulltext/v/Bulletin_TPU/2007/v310eng/i2/01.pdf
Natura: MixedMaterials Elettronico Capitolo di libro
KOHA link:https://koha.lib.tpu.ru/cgi-bin/koha/opac-detail.pl?biblionumber=181611

MARC

LEADER 00000nla2a2200000 4500
001 181611
005 20231031171123.0
035 |a (RuTPU)RU\TPU\book\196875 
035 |a RU\TPU\book\196165 
090 |a 181611 
100 |a 20100609d2007 k y0rusy50 ca 
101 1 |a eng  |c rus 
102 |a RU 
135 |a drnn ---uucaa 
200 1 |a Mineral-petrochemical and geochemical features of ultrametamorphic process of the focus-dome type  |b Electronic resource  |f I. V. Kucherenko 
203 |a Text  |c electronic 
215 |a 1 файл (710 Кб) 
225 1 |a Earth science 
230 |a Электронные текстовые данные (1 файл : 710 Кб) 
300 |a Заглавие с титульного листа 
300 |a Электронная версия печатной публикации 
320 |a [Bibliography: p. 11 (26 titles)] 
330 |a Distribution of petrogeneous and oregeneous (Au, Ag, Hg) chemical elements in metamorphic zones of the Kedrovskiy focus-dome construction in Northern Transbaikalia is shown and discussed. The conclusion is drawn about absence of substance essential migration during local focus-dome ultrametamorphism. 
337 |a Adobe Reader 
461 1 |0 (RuTPU)RU\TPU\book\169973  |t Bulletin of the Tomsk Polytechnic University  |f Tomsk Polytechnic University (TPU)  |d 2006-2007 
463 1 |0 (RuTPU)RU\TPU\book\196868  |t Vol. 310, № 2  |v [P. 6-11]  |d 2007  |p 182 p. 
610 1 |a mineral-petrochemical features 
610 1 |a geochemical features 
610 1 |a ultrametamorphic process 
610 1 |a focus-dome type 
610 1 |a petrogeneous elements 
610 1 |a oregeneous elements 
610 1 |a chemical elements 
610 1 |a metamorphic zones 
610 1 |a Kedrovskiy focus-dome construction 
610 1 |a Northern Transbaikalia 
610 1 |a migration 
610 1 |a substances 
610 1 |a ultrametamorphism 
610 1 |a труды учёных ТПУ 
610 1 |a электронный ресурс 
675 |a 552.161:550.42  |v 3 
700 1 |a Kucherenko  |b I. V.  |c Geologist  |c Professor and consultant of Tomsk Polytechnic University, Doctor of geological and mineralogical sciences  |f 1937-  |g Igor Vasilyevich  |2 stltpush  |3 (RuTPU)RU\TPU\pers\32569 
801 1 |a RU  |b 63413507  |c 20090623  |g PSBO 
801 2 |a RU  |b 63413507  |c 20160212  |g PSBO 
856 4 |u http://www.lib.tpu.ru/fulltext/v/Bulletin_TPU/2007/v310eng/i2/01.pdf 
942 |c CF